Numerical solution of partial differential equations : (Record no. 181852)
[ view plain ]
| 000 -LEADER | |
|---|---|
| fixed length control field | 01018 a2200229 4500 |
| 003 - CONTROL NUMBER IDENTIFIER | |
| control field | NUST |
| 005 - DATE AND TIME OF LATEST TRANSACTION | |
| control field | 20221121134401.0 |
| 010 ## - LIBRARY OF CONGRESS CONTROL NUMBER | |
| LC control number | 78040239 |
| 020 ## - INTERNATIONAL STANDARD BOOK NUMBER | |
| International Standard Book Number | 0198596251 : |
| -- | 019859626X |
| 040 ## - CATALOGING SOURCE | |
| Transcribing agency | Nust |
| 082 00 - DEWEY DECIMAL CLASSIFICATION NUMBER | |
| Classification number | 515.353,SMI |
| 100 1# - MAIN ENTRY--PERSONAL NAME | |
| Personal name | Smith, G. D. |
| 9 (RLIN) | 39292 |
| 245 10 - TITLE STATEMENT | |
| Title | Numerical solution of partial differential equations : |
| Remainder of title | finite difference methods / |
| Statement of responsibility, etc. | G. D. Smith. |
| 250 ## - EDITION STATEMENT | |
| Edition statement | 2nd ed. |
| 260 ## - PUBLICATION, DISTRIBUTION, ETC. | |
| Place of publication, distribution, etc. | Oxford : |
| Name of publisher, distributor, etc. | Clarendon Press ; |
| Place of publication, distribution, etc. | New York : |
| Name of publisher, distributor, etc. | Oxford University Press, |
| Date of publication, distribution, etc. | 1978. |
| 300 ## - PHYSICAL DESCRIPTION | |
| Extent | xii, 304 p. : |
| Other physical details | ill. ; |
| Dimensions | 22 cm. |
| 490 0# - SERIES STATEMENT | |
| Series statement | Oxford applied mathematics and computing science series |
| 505 ## - FORMATTED CONTENTS NOTE | |
| Formatted contents note | Introduction And Finite Difference Formulae (Page-1), Parabolic Equations (Page-11), Convergence, Stability And Consistency (Page-75), Hyperbolic Equations And Characteristics (Page-143), Elliptic Equations (Page-207). |
| 650 #0 - SUBJECT ADDED ENTRY--TOPICAL TERM | |
| Topical term or geographic name entry element | Difference equations |
| General subdivision | Numerical solutions. |
| 9 (RLIN) | 103271 |
| 650 #0 - SUBJECT ADDED ENTRY--TOPICAL TERM | |
| Topical term or geographic name entry element | Differential equations, Partial |
| General subdivision | Numerical solutions. |
| 9 (RLIN) | 39293 |
| 942 ## - ADDED ENTRY ELEMENTS (KOHA) | |
| Source of classification or shelving scheme | |
| Koha item type | Book |
| Call number prefix | 515.353,SMI |
| Withdrawn status | Lost status | Source of classification or shelving scheme | Damaged status | Not for loan | Permanent Location | Current Location | Shelving location | Date acquired | Full call number | Barcode | Date last seen | Price effective from | Koha item type | Public note |
|---|---|---|---|---|---|---|---|---|---|---|---|---|---|---|
| Military College of Signals (MCS) | Military College of Signals (MCS) | General Stacks | 12/12/2016 | 515.353,SMI | MCS5071 | 12/08/2016 | 12/12/2016 | Book | Almirah No.82, Shelf No.4 | |||||
| Military College of Signals (MCS) | Military College of Signals (MCS) | General Stacks | 12/12/2016 | 515.353,SMI | MCS5072 | 12/08/2016 | 12/12/2016 | Book | Almirah No.13, Shelf No.5 |
